|
|
|
|
| LEADER |
01271nam a2200265 a 4500 |
| 001 |
12232731 |
| 008 |
091119s2002 enka b 001 0 eng d |
| 010 |
|
|
|a 00068506
|
| 020 |
|
|
|a 9971513838
|
| 020 |
|
|
|a 0471497282 (pbk. : alk. paper)
|
| 040 |
|
|
|a DLC
|c DLC
|d DLC
|
| 082 |
0 |
0 |
|a 330/.01/5195
|2 21
|
| 100 |
1 |
|
|a Maddala, G. S.
|
| 245 |
1 |
0 |
|a Introduction to econometrics /
|c G.S. Maddala.
|
| 250 |
|
|
|a 3rd ed.
|
| 260 |
|
|
|a Chichester ;
|a New York :
|b John Wiley,
|c c2002.
|
| 300 |
|
|
|a xxvii, 636 p. :
|b ill. ;
|c 24 cm.
|
| 504 |
|
|
|a Includes bibliographical references and index.
|
| 541 |
1 |
|
|e 00009111
|
| 650 |
|
0 |
|a Econometrics.
|
| 852 |
4 |
|
|a Ayesha Abed Library
|j General Shelf.
|
| 999 |
|
|
|c 5671
|d 5671
|
| 952 |
|
|
|0 0
|1 0
|2 ddc
|4 0
|6 330_015195000000000_MAD_2002
|7 0
|9 5592
|a BRACUL
|b BRACUL
|c GEN
|d 2009-11-21
|g 0.00
|l 2
|m 7
|o 330.015195 MAD
|p 3010009111
|r 2019-01-23
|s 2019-01-16
|t 1
|w 2009-11-21
|y BK
|x No price found in the accession register.
|
| 952 |
|
|
|0 0
|1 0
|2 ddc
|4 0
|6 330_015195000000000_MAD_2002
|7 0
|9 7644
|a BRACUL
|b BRACUL
|c GEN
|d 2010-01-31
|l 1
|o 330.015195 MAD
|p 3010009110
|r 2015-01-27
|s 2015-01-20
|t 2
|w 2010-01-31
|y BK
|
| 952 |
|
|
|0 0
|1 0
|2 ddc
|4 0
|6 330_015195000000000_MAD_2002
|7 0
|9 7645
|a BRACUL
|b BRACUL
|c GEN
|d 2010-01-31
|l 1
|m 4
|o 330.015195 MAD
|p 3010009109
|r 2010-06-14
|s 2010-03-18
|t 3
|w 2010-01-31
|y BK
|